<?xml version="1.0" encoding="UTF-8"?><?xml-stylesheet type="text/xsl" href="static/style.xsl"?><OAI-PMH xmlns="http://www.openarchives.org/OAI/2.0/" xmlns:xsi="http://www.w3.org/2001/XMLSchema-instance" xsi:schemaLocation="http://www.openarchives.org/OAI/2.0/ http://www.openarchives.org/OAI/2.0/OAI-PMH.xsd"><responseDate>2026-06-01T01:12:31Z</responseDate><request verb="GetRecord" identifier="oai:riuma.uma.es:10630/45593" metadataPrefix="marc">https://riuma.uma.es/rest/oai/request</request><GetRecord><record><header><identifier>oai:riuma.uma.es:10630/45593</identifier><datestamp>2026-02-21T00:45:17Z</datestamp><setSpec>com_10630_2254</setSpec><setSpec>col_10630_37953</setSpec></header><metadata><record xmlns="http://www.loc.gov/MARC21/slim" xmlns:dcterms="http://purl.org/dc/terms/" xmlns:doc="http://www.lyncode.com/xoai" xmlns:xsi="http://www.w3.org/2001/XMLSchema-instance" xsi:schemaLocation="http://www.loc.gov/MARC21/slim http://www.loc.gov/standards/marcxml/schema/MARC21slim.xsd">
   <leader>00925njm 22002777a 4500</leader>
   <datafield ind2=" " ind1=" " tag="042">
      <subfield code="a">dc</subfield>
   </datafield>
   <datafield ind2=" " ind1=" " tag="720">
      <subfield code="a">Reigal-Garrido, Rafael Enrique</subfield>
      <subfield code="e">author</subfield>
   </datafield>
   <datafield ind2=" " ind1=" " tag="720">
      <subfield code="a">Delgado-Giralt, Joaquin</subfield>
      <subfield code="e">author</subfield>
   </datafield>
   <datafield ind2=" " ind1=" " tag="720">
      <subfield code="a">López-Cazorla, Rafael</subfield>
      <subfield code="e">author</subfield>
   </datafield>
   <datafield ind2=" " ind1=" " tag="720">
      <subfield code="a">Hernández-Mendo, Antonio</subfield>
      <subfield code="e">author</subfield>
   </datafield>
   <datafield ind2=" " ind1=" " tag="260">
      <subfield code="c">2018-05-02</subfield>
   </datafield>
   <datafield ind2=" " ind1=" " tag="520">
      <subfield code="a">El propósito de este trabajo fue examinar las relaciones entre el per!l psicológico y la ansiedad estado competitiva en un grupo de triatletas. Participaron en el estudio 94 triatletas con edades entre 19 y 55 años (M = 35.44; DT = 8.17). Se utilizó el Inventario Psicológico de Ejecución Deportiva (IPED) para analizar el per!l psicológico de los participantes y el Inventario de Ansiedad Estado en Competición-2 (CSAI-2) para evaluar la ansiedad estado. Los análisis de correlación efectuados pusieron de mani!esto relaciones signi!cativas entre la mayoría de los constructos estudiados, menos entre el control viso-imaginativo y nivel motivacional con la ansiedad cognitiva y somática. Además, los modelos de regresión lineal generados indicaron que el control de afrontamiento negativo predecía las puntuaciones de ambas manifestaciones de la ansiedad estado, y que la autocon!anza era predicha por el control de afrontamiento negativo, el control atencional y el control viso-imaginativo.</subfield>
   </datafield>
   <datafield ind1="8" ind2=" " tag="024">
      <subfield code="a">Reigal Garrido, R. E., Delgado Giralt, J., López Cazorla, R., &amp; Hernández Mendo, A. (2018). Perfil psicológico deportivo y ansiedad estado competitiva en triatletas. Revista de Psicología del deporte, 27(2), 125-132.</subfield>
   </datafield>
   <datafield ind1="8" ind2=" " tag="024">
      <subfield code="a">1132–239X</subfield>
   </datafield>
   <datafield ind1="8" ind2=" " tag="024">
      <subfield code="a">https://www.proquest.com/scholarly-journals/actividad-física-funcionamiento-cognitivo-y/docview/2399992658/se-2?accountid=14568</subfield>
   </datafield>
   <datafield ind1="8" ind2=" " tag="024">
      <subfield code="a">https://hdl.handle.net/10630/45593</subfield>
   </datafield>
   <datafield tag="653" ind2=" " ind1=" ">
      <subfield code="a">Ansiedad</subfield>
   </datafield>
   <datafield tag="653" ind2=" " ind1=" ">
      <subfield code="a">Deportistas - Aspectos psicológicos</subfield>
   </datafield>
   <datafield ind2="0" ind1="0" tag="245">
      <subfield code="a">Perfil Psicológico Deportivo y Ansiedad Estado Competitiva en Triatletas</subfield>
   </datafield>
</record>
</metadata></record></GetRecord></OAI-PMH>